|
|
|
|
| LEADER |
02458nam a22004213i 4500 |
| 001 |
EBC6891594 |
| 003 |
MiAaPQ |
| 005 |
20231204023221.0 |
| 006 |
m o d | |
| 007 |
cr cnu|||||||| |
| 008 |
231204s2022 xx o ||||0 eng d |
| 020 |
|
|
|a 9781478022633
|q (electronic bk.)
|
| 020 |
|
|
|z 9781478015406
|
| 035 |
|
|
|a (MiAaPQ)EBC6891594
|
| 035 |
|
|
|a (Au-PeEL)EBL6891594
|
| 035 |
|
|
|a (OCoLC)1290851830
|
| 040 |
|
|
|a MiAaPQ
|b eng
|e rda
|e pn
|c MiAaPQ
|d MiAaPQ
|
| 050 |
|
4 |
|a PN1995
|
| 082 |
0 |
|
|a 791.43653
|
| 100 |
1 |
|
|a Green-Simms, Lindsey B.
|
| 245 |
1 |
0 |
|a Queer African Cinemas.
|
| 250 |
|
|
|a 1st ed.
|
| 264 |
|
1 |
|a Durham :
|b Duke University Press,
|c 2022.
|
| 264 |
|
4 |
|c Ã2022.
|
| 300 |
|
|
|a 1 online resource (265 pages)
|
| 336 |
|
|
|a text
|b txt
|2 rdacontent
|
| 337 |
|
|
|a computer
|b c
|2 rdamedia
|
| 338 |
|
|
|a online resource
|b cr
|2 rdacarrier
|
| 490 |
1 |
|
|a A Camera Obscura Book Series
|
| 505 |
0 |
|
|a Cover -- Contents -- Acknowledgments -- Introduction: Registering Resistance in Queer African Cinemas -- 1. Making Waves: Queer Eccentricity and West African Wayward Women -- 2. Touching Nollywood: From Negation to Negotiation in Queer Nigerian Cinema -- 3. Cutting Masculinities: Post-apartheid South African Cinema -- 4. Holding Space, Saving Joy: Queer Love and Critical Resilience in East Africa -- Coda: Queer African Cinema's Destiny -- Notes -- Filmograph -- References -- Index -- A -- B -- C -- D -- E -- F -- G -- H -- I -- J -- K -- L -- M -- N -- O -- P -- Q -- R -- S -- T -- U -- V -- W -- X -- Y -- Z.
|
| 520 |
|
|
|a Lindsey B. Green-Simms examines films produced by and about queer Africans in the first two decades of the twenty-first century, showing how these films record the fear, anxiety, and vulnerability many queer Africans experience while at the same time imagining new hopes and possibilities.
|
| 588 |
|
|
|a Description based on publisher supplied metadata and other sources.
|
| 590 |
|
|
|a Electronic reproduction. Ann Arbor, Michigan : ProQuest Ebook Central, 2023. Available via World Wide Web. Access may be limited to ProQuest Ebook Central affiliated libraries.
|
| 655 |
|
4 |
|a Electronic books.
|
| 776 |
0 |
8 |
|i Print version:
|a Green-Simms, Lindsey B.
|t Queer African Cinemas
|d Durham : Duke University Press,c2022
|z 9781478015406
|
| 797 |
2 |
|
|a ProQuest (Firm)
|
| 830 |
|
2 |
|a A Camera Obscura Book Series
|
| 856 |
4 |
0 |
|u https://ebookcentral.proquest.com/lib/matrademy/detail.action?docID=6891594
|z Click to View
|